الحقيقة في نظر الغزالي

Bibliographic Details
Main Author: دنيا, سليمان (Author)
Format: Book
Published: Qahirah Dar al-Ma`arif [1965?]
Subjects:

MARC

LEADER 00000cam a2200000 7i4500
001 0000000632
008 021118s1965
090 0 0 |a B753.G3  |b D86 
100 0 |a دنيا, سليمان  |e author 
245 1 2 |a الحقيقة في نظر الغزالي  |c سليمان دنيا 
260 2 |a Qahirah  |b Dar al-Ma`arif  |c [1965?] 
300 |a 413 p.  |c 24 cm 
600 0 0 |a Ghazzali  |d 1058-1111 
650 0 |a Islamic philosophy 
745 0 3 |a al-Haqiqah fi nazar al-Ghazali 
999 |a 1000013042  |b Book  |c OPEN SHELF (30 DAYS)  |e Gong Badak Campus 
999 |a 1000013043  |b Book  |c OPEN SHELF (30 DAYS)  |e Gong Badak Campus 
999 |a 1000013044  |b Book  |c OPEN SHELF (30 DAYS)  |e Gong Badak Campus